Color atlas of cytology, histology, and microscopic anatomy / (Record no. 20142)
[ view plain ]
| 000 -LEADER | |
|---|---|
| fixed length control field | 01445cam a22003735a 4500 |
| 001 - CONTROL NUMBER | |
| control field | 13402012 |
| 005 - DATE AND TIME OF LATEST TRANSACTION | |
| control field | 20160110110116.0 |
| 007 - PHYSICAL DESCRIPTION FIXED FIELD--GENERAL INFORMATION | |
| fixed length control field | ad aazb| |
| 008 - FIXED-LENGTH DATA ELEMENTS--GENERAL INFORMATION | |
| fixed length control field | 030606t2003 gw a frb 001 0 eng d |
| 020 ## - INTERNATIONAL STANDARD BOOK NUMBER | |
| International Standard Book Number | 9783135624044 |
| 020 ## - INTERNATIONAL STANDARD BOOK NUMBER | |
| International Standard Book Number | 3135624044 |
| 040 ## - CATALOGING SOURCE | |
| Original cataloging agency | DLC |
| Language of cataloging | eng |
| Transcribing agency | DLC |
| Modifying agency | DLC |
| -- | EG-ScBUE |
| -- | EG-ScBUE |
| 041 1# - LANGUAGE CODE | |
| Language code of text/sound track or separate title | eng |
| Language code of original and/or intermediate translations of text | ger |
| 082 04 - DEWEY DECIMAL CLASSIFICATION NUMBER | |
| Classification number | 611.0180222 |
| Item number | KUE |
| Edition number | 22 |
| 100 1# - MAIN ENTRY--PERSONAL NAME | |
| Personal name | Kühnel, Wolfgang, |
| Dates associated with a name | 1934- |
| 9 (RLIN) | 38968 |
| 240 10 - UNIFORM TITLE | |
| Uniform title | <a href="Taschenatlas der Zytologie, Histologie, und mikroskopischen Anatomie. ">Taschenatlas der Zytologie, Histologie, und mikroskopischen Anatomie. </a> |
| Language of a work | English |
| 245 10 - TITLE STATEMENT | |
| Title | Color atlas of cytology, histology, and microscopic anatomy / |
| Statement of responsibility, etc | Wolfgang Kühnel ; [translated by Ursula Peter-Czichi] |
| 246 30 - VARYING FORM OF TITLE | |
| Title proper/short title | Cytology, histology, and microscopic anatomy |
| 250 ## - EDITION STATEMENT | |
| Edition statement | 4th ed., rev. and enlarged ed. |
| 260 ## - PUBLICATION, DISTRIBUTION, ETC. (IMPRINT) | |
| Place of publication, distribution, etc | Stuttgart ; |
| -- | New York : |
| Name of publisher, distributor, etc | Georg Thieme Verlag, |
| Date of publication, distribution, etc | c.2003. |
| 300 ## - PHYSICAL DESCRIPTION | |
| Extent | ix, 534 p. : |
| Other physical details | ill. (chiefly col.) ; |
| Dimensions | 19 cm. |
| 490 0# - SERIES STATEMENT | |
| Series statement | Thieme flexibook |
| 500 ## - GENERAL NOTE | |
| General note | Index : p. 519-534. |
| 500 ## - GENERAL NOTE | |
| General note | This book authorized translation of the 11th German ed. ... 2002"--T. p. verso. |
| 504 ## - BIBLIOGRAPHY, ETC. NOTE | |
| Bibliography, etc | Includes bibliographical references. |
| 546 ## - LANGUAGE NOTE | |
| Language note | Text in English ; translated from original German. |
| 650 #0 - SUBJECT ADDED ENTRY--TOPICAL TERM | |
| Topical term or geographic name as entry element | Histology |
| Form subdivision | Atlases. |
| Source of heading or term | BUEsh |
| 9 (RLIN) | 30952 |
| 650 #0 - SUBJECT ADDED ENTRY--TOPICAL TERM | |
| Topical term or geographic name as entry element | Cytology |
| Form subdivision | Atlases. |
| Source of heading or term | BUEsh |
| 650 #0 - SUBJECT ADDED ENTRY--TOPICAL TERM | |
| Topical term or geographic name as entry element | Cells |
| General subdivision | ultrastructure |
| Form subdivision | Atlases. |
| Source of heading or term | BUEsh |
| 651 ## - SUBJECT ADDED ENTRY--GEOGRAPHIC NAME | |
| Source of heading or term | BUEsh |
| 653 ## - INDEX TERM--UNCONTROLLED | |
| Resource For college | Pharmacy |
| Arrived date list | July2015 |
| -- | January2016 |
| 700 1# - ADDED ENTRY--PERSONAL NAME | |
| Personal name | Peter-Czichi, Ursula, |
| Relator term | translator. |
| 942 ## - ADDED ENTRY ELEMENTS (KOHA) | |
| Source of classification or shelving scheme | Dewey Decimal Classification |
| Withdrawn status | Lost status | Source of classification or shelving scheme | Damaged status | Not for loan | Koha collection | Home library | Current library | Shelving location | Date acquired | Source of acquisition | Cost, normal purchase price | Serial Enumeration / chronology | Total Checkouts | Total Renewals | Full call number | Barcode | Date last seen | Date last borrowed | Cost, replacement price | Koha item type |
|---|---|---|---|---|---|---|---|---|---|---|---|---|---|---|---|---|---|---|---|---|
| Dewey Decimal Classification | Baccah | Central Library | Central Library | First floor | 02/07/2015 | Purchase | 286.00 | 22353 | 1 | 29 | 611.0180222 KUE | 000039332 | 11/09/2025 | 23/10/2024 | 358.00 | Book - Borrowing |